Indian Mujahideen : (Record no. 91482)

MARC details
000 -LEADER
fixed length control field 00574nam a22001817a 4500
005 - DATE AND TIME OF LATEST TRANSACTION
control field 20150319164350.0
010 ## - LCCN (DPL NO)
LC control number ENG-112187
020 ## - INTERNATIONAL STANDARD BOOK NUMBER
International Standard Book Number 9789350099605
Terms of availability 350.00
035 ## - SYSTEM CONTROL NUMBER
System control number EN-95719
037 ## - SOURCE OF ACQUISITION
Source of stock number/acquisition DBAD/PUB
082 ## - DEWEY DECIMAL CLASSIFICATION NUMBER
Classification number 270.0954
100 ## - MAIN ENTRY--PERSONAL NAME
Personal name Gupta, Shishir
245 ## - TITLE STATEMENT
Title Indian Mujahideen :
Statement of responsibility, etc by Shishir Gupta
Remainder of title the enemy within /
260 ## - PUBLICATION, DISTRIBUTION, ETC. (IMPRINT)
Place of publication, distribution, etc Gurgaon
Name of publisher, distributor, etc Hachette Book Publishing
Date of publication, distribution, etc 2011
270 ## - ADDRESS
Address 4th & 5th Floor, Corporate Centre, Plot No.94, Sector -44
City Gurgaon
Postal code 122003
300 ## - PHYSICAL DESCRIPTION
Extent xiv,248p.
Dimensions 21cm(pbk)
942 ## - ADDED ENTRY ELEMENTS (KOHA)
Source of classification or shelving scheme Dewey Decimal Classification
Item type English Books
Call number suffix GUP
Classification part 270.0954
Holdings
Withdrawn status Lost status Not for loan Collection code Home library Current library Date acquired Source of acquisition Cost, normal purchase price Full call number Barcode Copy number Cost, replacement price Koha item type
    Not For Loan Non-fiction D.B.Act.Division D.B.Act.Division 18/02/2015 DBAD/PUB 350.00 270.0954 GUP EN-95719 1 350.00 English Books

© Delhi Public Library
Hit Counter
free hit counter